English literature: a survey for students
Saved in:
| Hovedforfatter: | |
|---|---|
| Format: | Bog |
| Sprog: | engelsk |
| Udgivet: |
Londres
Longmans
1958
|
| Fag: | |
| Tags: |
Tilføj Tag
Ingen Tags, Vær først til at tagge denne postø!
|
MARC
| LEADER | 00000nam a2200000 a 4500 | ||
|---|---|---|---|
| 001 | UCX4772 | ||
| 003 | CL-VaPUC | ||
| 008 | 920729e19580000UK |||||||||||||||||eng|d | ||
| 082 | 0 | 4 | |a 820.9 |b WIL |2 21 |
| 100 | 0 | |a Wilson, John B |e author |9 321051 | |
| 245 | 1 | 0 | |a English literature: a survey for students |
| 300 | |a 340 p | ||
| 942 | |c BK | ||
| 945 | |d 19920729 00:00:00 | ||
| 260 | |a Londres |b Longmans |c 1958 | ||
| 650 | 7 | |a LITERATURA INGLESA HISTORIA Y CRITICA |2 CL-VaPUC |9 321052 | |
| 583 | |a last modification |c 19920729 00:00:00 |k Rodrigo Vera | ||
| 999 | |c 225169 |d 225167 | ||
| 952 | |0 0 |1 0 |4 0 |6 820_900000000000000_WIL_1958 |7 0 |8 A |9 222476 |a BIBEDU |b BIBEDU |d 2019-11-15 |i 2912856 |o 820.9 WIL 1958 |p 2912856 |r 2019-11-15 |w 2019-11-15 |y BK |k LIT | ||
| 952 | |0 0 |1 0 |4 0 |6 820_900000000000000_WIL_1958 |7 0 |8 A |9 222477 |a BIBEDU |b BIBEDU |d 2019-11-15 |i 1337734 |o 820.9 WIL 1958 |p 1337734 |r 2019-11-15 |w 2019-11-15 |y BK |k LIT | ||